000
00313nam a2200121Ia 4500
008
220216s9999 xx 000 0 und d
100
_a
Enjalric F
245
0
_a
Rubber growing in Gabon
260
_b
Plantations, Recherche, Developpement
_c
1998
300
_a
325-332
700
_a
Ngoua Assoumou H G
942
_c
JS
999
_c
67634
_d
67634